| 000 | 00421nam a22001577a 4500 | ||
|---|---|---|---|
| 003 | CEME | ||
| 005 | 20210628202435.0 | ||
| 008 | 210106b xxu||||| |||| 00| 0 eng d | ||
| 040 | _cceme | ||
| 082 | _a923.2549 QUA | ||
| 100 |
_aPDF _956879 |
||
| 245 | _aQuaid-e-azam mohammad ali jinnah, an album of photographs | ||
| 260 |
_aISLAMABAD _bDIREECTORATE GENERAL OF FILMS _c1993 |
||
| 300 | _aXXXI, 263P | ||
| 942 |
_cBK _2ddc |
||
| 999 |
_c569776 _d569776 |
||